Представление документа в формате MARC21

Поле Инд. ПП Название Значение
Тип записи a
Библиографический уровень m
001 Контрольный номер Adm TOCZ00000024
005 Дата корректировки 20140813133342.5
008 Кодируемые данные 070626
040 a Служба первич. каталог. НБТвГУ
041 a Код языка текста rus
080 a Индекс УДК 51
080 a Индекс УДК 512
084 a Индекс другой классификации/Индекс ББК В1
084 a Индекс другой классификации/Индекс ББК В14
090 a Полочн. индекс В1
x Авторский знак В 65
100 1_ a Автор Войтяховский Ефим Дмитриевич
d Дата -ок.1812
q Полное имя сочиненной артиллерии штык-юнкером и партикулярным в Москве благороднаго юношества учителем математики Ефимом Войтяховским
245 10 a Заглавие Теоретической и практической курс чистой математики
b Продолж. заглавия содержащий в себе арифметику, геометрию, тригонометрию, с практикою и описанием пропорциональнаго циркуля или сектора, алгебру с вышними степеньми, криволинейную геометрию с теориею и практикою искусства бросания бомб, : в пользу и употребление юношества и упражняющихся в математике
n Номер части/ раздела Ч. 4
p Название части/ раздела Содержащая в себе алгебру с вышними степеньми, и с присовокуплением разных геометрических задач
246 _3 a Другая форма заглавия Теоретическаго и практическаго кура чистой математики часть четвертая, ...
246 06 a Другая форма заглавия Теоретический и практический курс чистой математики
246 02 a Другая форма заглавия Алгебра
260 1_ a Место издания В Москве
b Издательство печатана иждивением сочинителя в типографии Хр. Клаудия
c Дата издания 1790
300 a Объем VIII, 440 с., [5] л. черт.
c Размеры
500 a Примечание Изд. в 4-х ч., вых. в 1787-1790 гг.
a Примечание Обещанный в предисл. т. 5 не был издан из-за матер. затруднений авт.
500 a Примечание На с. 438-440 список подписавшихся на изд.
561 a История (примечание) Из коллекции Арсения, Архиепископа Ростовского и Ярославского
653 a Ключевые слова Алгебра
a Ключевые слова Математика
a Ключевые слова ОРК 18 век
700 1_ a Другие авторы Клаудий Христофор Александрович
d Дата -1805
e Роль лиц типограф
852 x Примечание, не предназначенное для пользователя СК 18 в. - Т. 1, 1069
x Примечание, не предназначенное для пользователя В НБ нет т. 1-3
x Примечание, не предназначенное для пользователя Запись : Дионисия Александрова. Цена 2 руб. 50 к.
x Примечание, не предназначенное для пользователя Записи на полях кн. : Из книг учителя гимназии Александрова
x Примечание, не предназначенное для пользователя На тит. л. запись : Из книг Арсения Архиепископа Ростовскаго и Ярославскаго - 2 мая 1792
x Примечание, не предназначенное для пользователя Александров Дионисий
x Примечание, не предназначенное для пользователя Арсений, архиеп. Ростовский и Ярославский
x Примечание, не предназначенное для пользователя Ростовская епархия
x Примечание, не предназначенное для пользователя Ростов
x Примечание, не предназначенное для пользователя Ярославль
901 t Тип документа m
920 a Оператор Поля
a Оператор Алекс
a Оператор Конд
a Оператор Густ
a Оператор Стро
930 a Новая/Ретро новая
952 c Вид литературы К ру
954 a Дата поступления на обработку 20140806
c Дата окончания ОНО 20140813
b Дата поступления в ОК 20140606